000 00372nam a2200169#a 4500
001 01514
003 HDC
007 ta
008 230623s2023 xx 000 0 eng d
040 _aHDC
050 _aHD9000.5
_b .I46 2005
245 0 _aImplementing tracebility in the food supply chain.
942 _2lcc
942 _cBK
942 _kHD9000.5
942 _m .I46 2005
999 _c23080
_d23080